<?xml version="1.0" encoding="UTF-8"?>
<record
    xmlns:xsi="http://www.w3.org/2001/XMLSchema-instance"
    xsi:schemaLocation="http://www.loc.gov/MARC21/slim http://www.loc.gov/standards/marcxml/schema/MARC21slim.xsd"
    xmlns="http://www.loc.gov/MARC21/slim">

  <leader>01618cam a22003375a 4500</leader>
  <controlfield tag="003">OSt</controlfield>
  <controlfield tag="005">20201124141949.0</controlfield>
  <controlfield tag="008">110330m20022007ua     frb   000 0e ara d</controlfield>
  <datafield tag="020" ind1=" " ind2=" ">
    <subfield code="a">9771802186 (&#x645;&#x62C;. 1)</subfield>
  </datafield>
  <datafield tag="020" ind1=" " ind2=" ">
    <subfield code="a">9771804766 (&#x645;&#x62C;. 2)</subfield>
  </datafield>
  <datafield tag="020" ind1=" " ind2=" ">
    <subfield code="a">9771803395 (&#x645;&#x62C;. 3)</subfield>
  </datafield>
  <datafield tag="020" ind1=" " ind2=" ">
    <subfield code="a">977180295X (&#x645;&#x62C;. 4)</subfield>
  </datafield>
  <datafield tag="020" ind1=" " ind2=" ">
    <subfield code="a"> 9771803557 (&#x645;&#x62C;. 5)</subfield>
  </datafield>
  <datafield tag="020" ind1=" " ind2=" ">
    <subfield code="a">9771804618 (&#x645;&#x62C;. 6)</subfield>
  </datafield>
  <datafield tag="040" ind1=" " ind2=" ">
    <subfield code="a">EG-ScBUE </subfield>
    <subfield code="b">ara</subfield>
    <subfield code="c">EG-ScBUE </subfield>
  </datafield>
  <datafield tag="082" ind1="0" ind2="4">
    <subfield code="a">070.4</subfield>
    <subfield code="b">&#x62D; &#x633; &#x64A;</subfield>
    <subfield code="2">22</subfield>
  </datafield>
  <datafield tag="245" ind1="1" ind2="0">
    <subfield code="a">&#x62A;&#x631;&#x627;&#x62B; &#x637;&#x647; &#x62D;&#x633;&#x64A;&#x646; :</subfield>
    <subfield code="b">&#x627;&#x644;&#x645;&#x642;&#x627;&#x644;&#x627;&#x62A; &#x627;&#x644;&#x635;&#x62D;&#x641;&#x64A;&#x629; &#x645;&#x646; 1908-1967 /</subfield>
    <subfield code="c">&#x62F;&#x631;&#x627;&#x633;&#x629; &#x633;&#x639;&#x64A;&#x62F; &#x625;&#x633;&#x645;&#x627;&#x639;&#x64A;&#x644; &#x639;&#x644;&#x64A; ... [&#x648;&#x622;&#x62E;.]</subfield>
  </datafield>
  <datafield tag="260" ind1=" " ind2=" ">
    <subfield code="a">&#x627;&#x644;&#x642;&#x627;&#x647;&#x631;&#x629; :</subfield>
    <subfield code="b">&#x62F;&#x627;&#x631; &#x627;&#x644;&#x643;&#x62A;&#x628; &#x648;&#x627;&#x644;&#x648;&#x62B;&#x627;&#x626;&#x642; &#x627;&#x644;&#x642;&#x648;&#x645;&#x64A;&#x629;&#x60C; &#x627;&#x644;&#x625;&#x62F;&#x627;&#x631;&#x629; &#x627;&#x644;&#x645;&#x631;&#x643;&#x632;&#x64A;&#x629; &#x644;&#x644;&#x645;&#x631;&#x627;&#x643;&#x632; &#x627;&#x644;&#x639;&#x644;&#x645;&#x64A;&#x629;&#x60C; &#x645;&#x631;&#x643;&#x632; &#x62A;&#x627;&#x631;&#x64A;&#x62E; &#x645;&#x635;&#x631; &#x627;&#x644;&#x645;&#x639;&#x627;&#x635;&#x631;&#x60C;</subfield>
    <subfield code="c">2002-2007.</subfield>
  </datafield>
  <datafield tag="300" ind1=" " ind2=" ">
    <subfield code="a">6 &#x645;&#x62C;. &#x61B;</subfield>
    <subfield code="c">32 &#x633;&#x645;.</subfield>
  </datafield>
  <datafield tag="500" ind1=" " ind2=" ">
    <subfield code="a">&#x64A;&#x634;&#x62A;&#x645;&#x644; &#x639;&#x644;&#x649; &#x643;&#x634;&#x627;&#x641;&#x627;&#x62A;.</subfield>
  </datafield>
  <datafield tag="504" ind1=" " ind2=" ">
    <subfield code="a">&#x64A;&#x634;&#x62A;&#x645;&#x644; &#x639;&#x644;&#x649; &#x625;&#x631;&#x62C;&#x627;&#x639;&#x627;&#x62A; &#x628;&#x628;&#x644;&#x64A;&#x648;&#x62C;&#x631;&#x627;&#x641;&#x64A;&#x629;.</subfield>
  </datafield>
  <datafield tag="505" ind1=" " ind2=" ">
    <subfield code="a">&#x645;&#x62C;. 1. &#x627;&#x644;&#x62A;&#x639;&#x644;&#x64A;&#x645; -- &#x645;&#x62C;. 2. &#x627;&#x644;&#x625;&#x633;&#x644;&#x627;&#x645;&#x64A;&#x627;&#x62A; &#x648;&#x627;&#x644;&#x646;&#x642;&#x62F; &#x627;&#x644;&#x623;&#x62F;&#x628;&#x64A; -- &#x645;&#x62C;. 3. &#x637;&#x647; &#x62D;&#x633;&#x64A;&#x646; &#x648;&#x627;&#x644;&#x633;&#x64A;&#x627;&#x633;&#x629; &#x627;&#x644;&#x645;&#x635;&#x631;&#x64A;&#x629; -- &#x645;&#x62C;. 4. &#x623;&#x632;&#x645;&#x629; &#x627;&#x644;&#x646;&#x638;&#x627;&#x645; &#x627;&#x644;&#x633;&#x64A;&#x627;&#x633;&#x64A; &#x627;&#x644;&#x645;&#x635;&#x631;&#x64A; -- &#x645;&#x62C;. 5. &#x645;&#x642;&#x627;&#x644;&#x627;&#x62A; &#x627;&#x644;&#x623;&#x631;&#x628;&#x639;&#x64A;&#x646;&#x627;&#x62A; -- &#x645;&#x62C;. 6. &#x627;&#x644;&#x643;&#x634;&#x627;&#x641;&#x627;&#x62A; -- &#x637;&#x647; &#x62D;&#x633;&#x64A;&#x646; &#x648;&#x62B;&#x648;&#x631;&#x629; &#x64A;&#x648;&#x644;&#x64A;&#x648; 1952.</subfield>
  </datafield>
  <datafield tag="650" ind1=" " ind2="0">
    <subfield code="a">&#x627;&#x644;&#x645;&#x642;&#x627;&#x644;&#x627;&#x62A; &#x627;&#x644;&#x639;&#x631;&#x628;&#x64A;&#x629;.</subfield>
    <subfield code="2">BUEsh</subfield>
  </datafield>
  <datafield tag="650" ind1=" " ind2="0">
    <subfield code="a">&#x627;&#x644;&#x62A;&#x639;&#x644;&#x64A;&#x645;.</subfield>
    <subfield code="2">BUEsh</subfield>
  </datafield>
  <datafield tag="650" ind1=" " ind2="0">
    <subfield code="a">&#x627;&#x644;&#x633;&#x64A;&#x627;&#x633;&#x629;.</subfield>
    <subfield code="2">BUEsh</subfield>
  </datafield>
  <datafield tag="651" ind1=" " ind2=" ">
    <subfield code="2">BUEsh</subfield>
  </datafield>
  <datafield tag="653" ind1=" " ind2=" ">
    <subfield code="b">ARALIT</subfield>
    <subfield code="c">August2015</subfield>
  </datafield>
  <datafield tag="655" ind1=" " ind2=" ">
    <subfield code="v">Reading book</subfield>
    <subfield code="9">34232</subfield>
  </datafield>
  <datafield tag="700" ind1="1" ind2=" ">
    <subfield code="a">&#x639;&#x644;&#x64A;&#x60C; &#x633;&#x639;&#x64A;&#x62F; &#x625;&#x633;&#x645;&#x627;&#x639;&#x64A;&#x644;.</subfield>
    <subfield code="9">22715</subfield>
  </datafield>
  <datafield tag="942" ind1=" " ind2=" ">
    <subfield code="k">070.4 &#x62D; &#x633; &#x64A;</subfield>
  </datafield>
  <datafield tag="999" ind1=" " ind2=" ">
    <subfield code="c">8288</subfield>
    <subfield code="d">8288</subfield>
  </datafield>
  <datafield tag="952" ind1=" " ind2=" ">
    <subfield code="0">0</subfield>
    <subfield code="1">0</subfield>
    <subfield code="2">ddc</subfield>
    <subfield code="4">0</subfield>
    <subfield code="7">0</subfield>
    <subfield code="8"> </subfield>
    <subfield code="a">MAIN</subfield>
    <subfield code="b">MAIN</subfield>
    <subfield code="c">LOW</subfield>
    <subfield code="d">2011-03-30</subfield>
    <subfield code="e">Purchase</subfield>
    <subfield code="o">070.4 &#x62D; &#x633; &#x64A;</subfield>
    <subfield code="p">000009180</subfield>
    <subfield code="r">2025-07-15 00:00:00</subfield>
    <subfield code="v">21.00</subfield>
    <subfield code="y">BB</subfield>
    <subfield code="z">&#x645;&#x62C;. 1.</subfield>
  </datafield>
  <datafield tag="952" ind1=" " ind2=" ">
    <subfield code="0">0</subfield>
    <subfield code="1">0</subfield>
    <subfield code="2">ddc</subfield>
    <subfield code="4">0</subfield>
    <subfield code="7">0</subfield>
    <subfield code="8"> </subfield>
    <subfield code="a">MAIN</subfield>
    <subfield code="b">MAIN</subfield>
    <subfield code="c">LOW</subfield>
    <subfield code="d">2011-03-30</subfield>
    <subfield code="e">Purchase</subfield>
    <subfield code="o">070.4 &#x62D; &#x633; &#x64A;</subfield>
    <subfield code="p">000009184</subfield>
    <subfield code="r">2025-07-15 00:00:00</subfield>
    <subfield code="y">BB</subfield>
    <subfield code="z">&#x645;&#x62C;. 5.</subfield>
  </datafield>
  <datafield tag="952" ind1=" " ind2=" ">
    <subfield code="0">0</subfield>
    <subfield code="1">0</subfield>
    <subfield code="2">ddc</subfield>
    <subfield code="4">0</subfield>
    <subfield code="7">0</subfield>
    <subfield code="a">MAIN</subfield>
    <subfield code="b">MAIN</subfield>
    <subfield code="c">LOW</subfield>
    <subfield code="d">2011-03-30</subfield>
    <subfield code="e">Purchase</subfield>
    <subfield code="o">070.4 &#x62D; &#x633; &#x64A;</subfield>
    <subfield code="p">000009183</subfield>
    <subfield code="r">2025-07-15 00:00:00</subfield>
    <subfield code="y">BB</subfield>
    <subfield code="z">&#x645;&#x62C;. 4</subfield>
  </datafield>
  <datafield tag="952" ind1=" " ind2=" ">
    <subfield code="0">0</subfield>
    <subfield code="1">0</subfield>
    <subfield code="2">ddc</subfield>
    <subfield code="4">0</subfield>
    <subfield code="7">0</subfield>
    <subfield code="a">MAIN</subfield>
    <subfield code="b">MAIN</subfield>
    <subfield code="c">LOW</subfield>
    <subfield code="d">2011-03-30</subfield>
    <subfield code="e">Purchase</subfield>
    <subfield code="o">070.4 &#x62D; &#x633; &#x64A;</subfield>
    <subfield code="p">000009181</subfield>
    <subfield code="r">2025-07-15 00:00:00</subfield>
    <subfield code="y">BB</subfield>
    <subfield code="z">&#x645;&#x62C;. 2</subfield>
  </datafield>
  <datafield tag="952" ind1=" " ind2=" ">
    <subfield code="0">0</subfield>
    <subfield code="1">0</subfield>
    <subfield code="2">ddc</subfield>
    <subfield code="4">0</subfield>
    <subfield code="7">0</subfield>
    <subfield code="a">MAIN</subfield>
    <subfield code="b">MAIN</subfield>
    <subfield code="c">LOW</subfield>
    <subfield code="d">2011-03-30</subfield>
    <subfield code="e">Purchase</subfield>
    <subfield code="o">070.4 &#x62D; &#x633; &#x64A;</subfield>
    <subfield code="p">000009182</subfield>
    <subfield code="r">2025-07-15 00:00:00</subfield>
    <subfield code="s">2016-12-21</subfield>
    <subfield code="y">BB</subfield>
    <subfield code="z">&#x645;&#x62C;. 3</subfield>
  </datafield>
  <datafield tag="952" ind1=" " ind2=" ">
    <subfield code="0">0</subfield>
    <subfield code="1">0</subfield>
    <subfield code="2">ddc</subfield>
    <subfield code="4">0</subfield>
    <subfield code="7">0</subfield>
    <subfield code="a">MAIN</subfield>
    <subfield code="b">MAIN</subfield>
    <subfield code="c">LOW</subfield>
    <subfield code="d">2011-03-30</subfield>
    <subfield code="e">Purchase</subfield>
    <subfield code="o">070.4 &#x62D; &#x633; &#x64A;</subfield>
    <subfield code="p">000009185</subfield>
    <subfield code="r">2025-07-15 00:00:00</subfield>
    <subfield code="y">BB</subfield>
    <subfield code="z">&#x645;&#x62C;. 6</subfield>
  </datafield>
</record>
